The management bible (Record no. 102155)
[ view plain ]
| 000 -LEADER | |
|---|---|
| fixed length control field | 00483nam a2200169Ia 4500 |
| 003 - CONTROL NUMBER IDENTIFIER | |
| control field | 3228 |
| 005 - DATE AND TIME OF LATEST TRANSACTION | |
| control field | 20250812120343.0 |
| 008 - FIXED-LENGTH DATA ELEMENTS--GENERAL INFORMATION | |
| fixed length control field | 210816s9999 xx 000 0 und d |
| 020 ## - INTERNATIONAL STANDARD BOOK NUMBER | |
| International Standard Book Number | 9781770073173 |
| Qualifying information | pbk |
| 040 ## - CATALOGING SOURCE | |
| Language of cataloging | E |
| Transcribing agency | 3228 |
| 082 ## - DEWEY DECIMAL CLASSIFICATION NUMBER | |
| Classification number | 658 FLAN |
| 100 ## - MAIN ENTRY--PERSONAL NAME | |
| Personal name | Flanagan, Neil Cape Town, 2006 1st Southern African ed |
| 9 (RLIN) | 20043 |
| 245 #0 - TITLE STATEMENT | |
| Title | The management bible |
| 260 ## - PUBLICATION, DISTRIBUTION, ETC. | |
| Place of publication, distribution, etc. | Cape Town: |
| Name of publisher, distributor, etc. | Zebras Press, |
| Date of publication, distribution, etc. | 20016 |
| 300 ## - PHYSICAL DESCRIPTION | |
| Extent | xvi, 623 Pages.: |
| Other physical details | ill, |
| Dimensions | 19 cm. |
| 942 ## - ADDED ENTRY ELEMENTS | |
| item type | Books |
| Source of classification or shelving scheme | Dewey Decimal Classification |
| -- | 235 |
| -- | Mike Maaboi |
| Withdrawn status | Lost status | Damaged status | Not for loan | Home library | Current library | Date acquired | Cost, normal purchase price | Total Checkouts | Barcode | Date last seen | Price effective from | item type |
|---|---|---|---|---|---|---|---|---|---|---|---|---|
| Mafemani | Mafemani | 17.08.2021 | 100.00 | 33228021964463 | 17.08.2021 | 17.08.2021 | Books |